000 00430nam a22001697a 4500
005 20230114120017.0
008 220210b ||||| |||| 00| 0 eng d
020 _a978-93-86353-55-9
041 _aeng
082 _a615
100 _aNAIK, DR. SURESH
_97046
245 _aBASIC PHARMACOLOGY AND PHARMACOTHERAPEUTICS
260 _aPUNE
_bNIRALI PRAKASHAN
300 _a970;p
650 _aPHARMACY
_xB.PHARMA
_97083
942 _cBK
999 _c7900
_d7898